| 000 | 01343pam a2200421 a 4500 | ||
|---|---|---|---|
| 999 |
_c322 _d322 |
||
| 001 | 019308578 | ||
| 003 | UkOxU | ||
| 005 | 20190806100411.0 | ||
| 007 | ta | ||
| 008 | 120118r20121992enk 000|0deng d | ||
| 020 | _a9781107604636 (pbk.) : | ||
| 020 | _a110760463X (pbk.) : | ||
| 035 | _a(UK-WkNB)9781107604636 | ||
| 035 | _a(StEdALDL)1/2788083 | ||
| 040 |
_aUK-WkNB _beng _cUK-WkNB _dUkOxU |
||
| 042 | _aukscp | ||
| 049 | _aCROBAR | ||
| 082 | 0 | 4 |
_a510 HAR _223 |
| 100 | 1 |
_aHardy, G. H. _q(Godfrey Harold), _d1877-1947. _eauthor |
|
| 245 | 1 | 2 |
_aA mathematician's apology / _cby G.H. Hardy ; with a foreword by C.P. Snow. |
| 250 | _aCanto ed. | ||
| 260 |
_aCambridge : _bCambridge University Press, _c2012. |
||
| 300 |
_a153 p. ; _c22 cm. |
||
| 490 | 1 | _aCanto classics | |
| 500 | _aThis ed. originally published: 1992. | ||
| 600 | 1 | 0 |
_aHardy, G. H. _q(Godfrey Harold), _d1877-1947. |
| 650 | 0 |
_aMathematics _xPhilosophy. |
|
| 700 | 1 |
_aSnow, C. P. _q(Charles Percy), _d1905-1980. _eWriter of foreword |
|
| 830 | 0 | _aCanto classics. | |
| 942 |
_2ddc _cNFIC |
||
| 980 |
_g1 _f1/2788083 |
||
| 981 | _dAgency file oxf2012-16.1 | ||